|
|
|
|
| LEADER |
01950nam a2200505 a 4500 |
| 001 |
nkc20122370507 |
| 003 |
CZ PrNK |
| 005 |
20120620092958.0 |
| 007 |
ta |
| 008 |
120529s2012 xr a e c 000 0dcze |
| 020 |
|
|
|a 978-80-87401-11-8
|q (skládanka)
|
| 040 |
|
|
|a OLA001
|b cze
|
| 041 |
1 |
|
|a cze
|h ger
|
| 043 |
|
|
|a e-gx---
|
| 045 |
|
|
|a y0y1
|
| 072 |
|
7 |
|a 72/76
|x Výtvarné umění
|2 Konspekt
|9 21
|
| 080 |
|
|
|a 76(430)
|2 MRF
|
| 080 |
|
|
|a 741/744(430)
|2 MRF
|
| 080 |
|
|
|a 7.036/.038
|2 MRF
|
| 080 |
|
|
|a (430)
|2 MRF
|
| 080 |
|
|
|a (083.824)
|2 MRF
|
| 100 |
1 |
|
|a Uthke, Hans-Joachim,
|d 1941-
|7 jo2012702397
|4 art
|
| 245 |
1 |
0 |
|a Hans-Joachim Uthke :
|b kresba - grafika : [Městská galerie Zázvorka 10. května - 24. června 2012 /
|c překlad Marie Böhmeová]
|
| 246 |
3 |
|
|a Kresba - grafika - Hans-Joachim Uthke
|
| 260 |
|
|
|a Nové Město nad Metují :
|b Městské muzeum Nové Město nad Metují - Městská galerie Zázvorka,
|c [2012]
|
| 300 |
|
|
|a [6] s. :
|b il. (převážně barev.) ;
|c 20 cm
|
| 500 |
|
|
|a Životopisná data
|
| 500 |
|
|
|a Přeloženo z němčiny?
|
| 600 |
1 |
7 |
|a Uthke, Hans-Joachim,
|d 1941-
|7 jo2012702397
|2 czenas
|
| 648 |
|
7 |
|a 2003-2011
|7 ch967336
|2 czenas
|
| 648 |
|
7 |
|a 21. století
|7 ch460559
|2 czenas
|
| 650 |
0 |
7 |
|a německá grafika
|7 ph123486
|y 21. století
|2 czenas
|
| 650 |
0 |
7 |
|a německá kresba
|7 ph123490
|y 21. století
|2 czenas
|
| 650 |
0 |
7 |
|a moderní umění
|7 ph115340
|z Německo
|2 czenas
|
| 650 |
0 |
9 |
|a German prints
|y 21st century
|2 eczenas
|
| 650 |
0 |
9 |
|a German drawing
|y 21st century
|2 eczenas
|
| 650 |
0 |
9 |
|a modern art
|z Germany
|2 eczenas
|
| 655 |
|
7 |
|a katalogy výstav
|7 fd132536
|2 czenas
|
| 655 |
|
9 |
|a exhibition catalogs
|2 eczenas
|
| 710 |
2 |
|
|a Galerie Zázvorka (Nové Město nad Metují, Česko)
|7 kn20090212032
|
| 910 |
2 |
|
|a BOA001
|b 2-1287.468
|
| 990 |
|
|
|a BK
|
| 995 |
|
|
|a 11
|
| 991 |
|
|
|b 201206
|c NOV
|e n
|
| 996 |
6 |
|
|b 2610513643
|c 2-1287.468
|l MZK
|r Sklad / do 1 hodiny
|n 1
|p p.v.
|w 001254898
|u 000010
|a 1
|e BOA001
|j MZK50
|s P
|